Thesauri Consiliorum Et Decisionum Volumem Secundum, Ecclesiastica Continens: Das ist: Vornehmer Universitäten, Hochlöblicher Collegien wohlbestasster Consistorien auch sonst hochgelahrter Theologen und Jusisten Rath/ Bedencken/ Antwort/ Belehrung/ Erkentnusz/ Bescheide vnd Urtheile in und von allerhand schweren Fällen und wichtigen Fragen/ belangend so wohl Religions-Glaubens-Bewissens-Kirchen-Ampts-und Ehe-/ als Bürgerliche und andere Sachen/ wie dieselben täglich fůrfallen und gereget werden mỏgen: Theils aus vielen Archivis erhalten; theils von ziemlichen Jahren biss daher auffgenommen; theils aus andern Schrifften mit grossem Fleiss zusammen bracht, in gewisse Titulos, Sectiones und Numeros verfasset/ Der Erste Theil: Jn welchem die Geistliche und Kirchen=Sachen begriffen/ Allen hohen und niedrigen Standes/ Geistlichen und Weltlichen personen sehr nỏtig und nůtzlich/ Mit sonderlicher Approbation unterschiedlicher Theologischer Facultảten erstlich durch M. Georgium Dedekennum, Ecclesiasten Hamburgensem, Hernach aber Jn richtigerer Ordnung/ mit gantzen Sectionibus, vielen Questionibus, Remissoriis und Responsis vermehret/ und mit vollkommenern Indicibus verbessert in Druck gegeben Durch Johannem Ernestum Gerhardum, SS. Theol. D. & Prof. P. Ienens. nunmehro Seeligen. Hiob. 8. vers. 8. 9. 10. Frage die vorigen Geschlechte ...

Bibliographic Details
Main Author: Dedeken, Georg, 1564-1628 (Author)
Corporate Author: Nisius, Johann (Jena, Nemecko) (Printer)
Other Authors: Gerhard, Johann Ernst, 1621-1668 (Dedicator), Gerhard, Johann Friedrich 1631-1667 (Dedicator), Nisius, Johann (Jena, Nemecko), 1652-1684 (Printer)
Format: Book
Language:German
Latin
PhysicalDescription:4 nečíslované listy, 362 strán, 7 nečíslovaných listov 2°
Published: Hamburg Jn Verlegung Zachariæ Hertels/ Buchhändlers in Hamburg im Jahr Christi 1671
Subjects:

MARC

LEADER 00000nam a2200000 4500
001 vtls012292141
003 SK-MaSNL
005 20260318133237.0
008 260306s1671 gw f 010 0 ger
015 |a SNBHFA 
038 |a SNK 
040 |a SNKHF  |b slo  |c SNKHF  |d SNKHF  |e rda 
041 0 |a ger  |a lat 
044 |a gw  |c DE 
072 7 |a 2-74  |x Náboženské právo. Cirkevné právo  |2 konspekt 
080 |a 27  |2 2011 
080 |a 27-74  |2 2011 
080 |a 93/94  |2 2011 
100 1 |a Dedeken, Georg,  |d 1564-1628  |4 aut  |9 1628513 
245 1 0 |a Thesauri Consiliorum Et Decisionum Volumem Secundum, Ecclesiastica Continens: Das ist: Vornehmer Universitäten, Hochlöblicher Collegien wohlbestasster Consistorien auch sonst hochgelahrter Theologen und Jusisten Rath/ Bedencken/ Antwort/ Belehrung/ Erkentnusz/ Bescheide vnd Urtheile in und von allerhand schweren Fällen und wichtigen Fragen/ belangend so wohl Religions-Glaubens-Bewissens-Kirchen-Ampts-und Ehe-/ als Bürgerliche und andere Sachen/ wie dieselben täglich fůrfallen und gereget werden mỏgen: Theils aus vielen Archivis erhalten; theils von ziemlichen Jahren biss daher auffgenommen; theils aus andern Schrifften mit grossem Fleiss zusammen bracht, in gewisse Titulos, Sectiones und Numeros verfasset/ Der Erste Theil: Jn welchem die Geistliche und Kirchen=Sachen begriffen/ Allen hohen und niedrigen Standes/ Geistlichen und Weltlichen personen sehr nỏtig und nůtzlich/ Mit sonderlicher Approbation unterschiedlicher Theologischer Facultảten erstlich durch M. Georgium Dedekennum, Ecclesiasten Hamburgensem, Hernach aber Jn richtigerer Ordnung/ mit gantzen Sectionibus, vielen Questionibus, Remissoriis und Responsis vermehret/ und mit vollkommenern Indicibus verbessert in Druck gegeben Durch Johannem Ernestum Gerhardum, SS. Theol. D. & Prof. P. Ienens. nunmehro Seeligen. Hiob. 8. vers. 8. 9. 10. Frage die vorigen Geschlechte ... 
264 1 |a Hamburg  |b Jn Verlegung Zachariæ Hertels/ Buchhändlers in Hamburg  |c im Jahr Christi 1671 
264 3 |a Jena  |b Gedruckt bey Johann Nisio  |c im Jahr Christi 1671 
300 |a 4 nečíslované listy, 362 strán, 7 nečíslovaných listov  |c 2° 
336 |a text  |b txt  |2 rdacontent 
337 |a bez média  |b n  |2 rdamedia 
338 |a zväzok  |b nc  |2 rdacarrier 
500 |a Vinety, vlysy, ozdobná iniciálka v rámčeku na 8 riadkov, ozdobná iniciálka s ornamentálnym pozadím na 5 riadkov, ozdobné iniciálky na 3 riadky 
501 |a Príväzok 1. k: DEDEKEN, Georg. Thesauri Consiliorum et Decisionum Volumen Primum. Jena: Jn Verlegung Zachariæ Hertels/ Buchhändlers in Hamburg/ Gedruckt bey Johann Nisio, 1671. 2°.  |5 SNK IB 75185 
504 |a Kustody, marginálie 
510 4 |a VD17 3:694308U 
546 |a Nemčina  |b Fraktura 
546 |a Latinčina  |b Antikva  |b Kurzíva 
650 0 7 |a kánonické právo  |2 SNKPH  |9 2222 
650 0 7 |a kresťanstvo  |2 SNKPH  |9 2024 
650 0 7 |a dejiny  |2 SNKPH  |9 3825 
655 7 |a staré tlače  |9 69193 
700 0 |a Johann Ernest,  |c gróf sasko-eisenachský,  |d 1566-1638  |4 hnr  |9 352933 
700 0 |a Johann Georg  |b I.,  |c saský kurfirst,  |d 1585-1656  |4 hnr  |9 351420 
700 1 |a Gerhard, Johann Ernst,  |d 1621-1668  |4 dto  |9 352072 
700 1 |a Gerhard, Johann Friedrich  |d 1631-1667  |4 dto  |9 436927 
700 1 |a Härtel, Zacharias,  |c starší,  |d zomrel 1678  |4 pbl  |9 172628 
700 1 |a Nisius, Johann (Jena, Nemecko),  |d 1652-1684  |4 prt  |9 1628514 
710 0 |a Härtel, Zacharias starší (Hamburg, Nemecko),  |d 1634-1677  |4 pbl  |9 180587 
710 0 |a Nisius, Johann (Jena, Nemecko),  |d 1652-1684  |4 prt  |9 352074 
752 |a Nemecko  |d Hamburg 
752 |a Nemecko  |d Jena 
852 |a snk  |b Zaiova knižnica  |p IB 75185/prív.1 
958 |a DC 
958 |a ONDV 
999 |c 3361713  |d 3363643 
952 |a SNK  |b SNK  |y PREZ  |7 0  |p 17A1570050  |o snkIB 75185/prív.1  |i snk2026/2834  |8 5  |0 0  |1 0  |2 udc  |4 0  |d 2026-03-06  |l 0  |r 2026-03-06 07:26:23  |u Zay 13253; Z 939  |w 2026-03-06